<?xml version="1.0" encoding="UTF-8"?>
<record
    xmlns:xsi="http://www.w3.org/2001/XMLSchema-instance"
    xsi:schemaLocation="http://www.loc.gov/MARC21/slim http://www.loc.gov/standards/marcxml/schema/MARC21slim.xsd"
    xmlns="http://www.loc.gov/MARC21/slim">

  <leader>02240nam0a22003611  4500</leader>
  <controlfield tag="001">rc\3018562</controlfield>
  <controlfield tag="005">20250530013932.0</controlfield>
  <datafield tag="035" ind1=" " ind2=" ">
    <subfield code="a">(NLR Aleph) 007160774</subfield>
  </datafield>
  <datafield tag="090" ind1=" " ind2=" ">
    <subfield code="a">7246870</subfield>
    <subfield code="c">7246870</subfield>
  </datafield>
  <datafield tag="100" ind1=" " ind2=" ">
    <subfield code="a">20110926d1936    |||y0rusy50      ca</subfield>
  </datafield>
  <datafield tag="101" ind1="1" ind2=" ">
    <subfield code="a">rus</subfield>
    <subfield code="c">ger</subfield>
  </datafield>
  <datafield tag="102" ind1=" " ind2=" ">
    <subfield code="a">RU</subfield>
  </datafield>
  <datafield tag="105" ind1=" " ind2=" ">
    <subfield code="a">a   z   |||||</subfield>
  </datafield>
  <datafield tag="200" ind1="1" ind2=" ">
    <subfield code="a">&#x418;&#x441;&#x441;&#x43B;&#x435;&#x434;&#x43E;&#x432;&#x430;&#x43D;&#x438;&#x435; &#x443;&#x441;&#x43B;&#x43E;&#x432;&#x438;&#x439; &#x43E;&#x431;&#x440;&#x430;&#x437;&#x43E;&#x432;&#x430;&#x43D;&#x438;&#x44F; &#x43E;&#x43A;&#x435;&#x430;&#x43D;&#x438;&#x447;&#x435;&#x441;&#x43A;&#x438;&#x445; &#x441;&#x43E;&#x43B;&#x44F;&#x43D;&#x44B;&#x445; &#x43E;&#x442;&#x43B;&#x43E;&#x436;&#x435;&#x43D;&#x438;&#x439; &#x432; &#x43E;&#x441;&#x43E;&#x431;&#x435;&#x43D;&#x43D;&#x43E;&#x441;&#x442;&#x438; &#x421;&#x442;&#x430;&#x441;&#x441;&#x444;&#x443;&#x440;&#x442;&#x441;&#x43A;&#x438;&#x445; &#x441;&#x43E;&#x43B;&#x44F;&#x43D;&#x44B;&#x445; &#x437;&#x430;&#x43B;&#x435;&#x436;&#x435;&#x439;</subfield>
    <subfield code="f">&#x412;&#x430;&#x43D;&#x442; &#x413;&#x43E;&#x444;&#x444; &#x438; &#x412;. &#x41C;&#x435;&#x439;&#x435;&#x440;&#x433;&#x43E;&#x444;&#x444;&#x435;&#x440;, &#x42F;&#x43D; &#x434;'&#x410;&#x43D;&#x441;, &#x415;.&#x424;. &#x410;&#x440;&#x43C;&#x441;&#x442;&#x440;&#x43E;&#x43D;&#x433; ... [&#x438; &#x434;&#x440;.]</subfield>
    <subfield code="g">&#x41F;&#x43E;&#x434; &#x440;&#x435;&#x434;. &#x413;. &#x41F;&#x440;&#x435;&#x445;&#x442;&#x430; &#x438; &#x42D;. &#x41A;&#x43E;&#x433;&#x435;&#x43D;&#x430;</subfield>
    <subfield code="g">&#x41F;&#x435;&#x440;. &#x441; &#x43D;&#x435;&#x43C;. &#x43F;&#x43E;&#x434; &#x440;&#x435;&#x434;. &#x410;.&#x412;. &#x41D;&#x438;&#x43A;&#x43E;&#x43B;&#x430;&#x435;&#x432;&#x430;</subfield>
    <subfield code="g">[&#x41F;&#x440;&#x435;&#x434;&#x438;&#x441;&#x43B;.: &#x41D;. &#x41A;&#x443;&#x440;&#x43D;&#x430;&#x43A;&#x43E;&#x432;]</subfield>
  </datafield>
  <datafield tag="210" ind1=" " ind2=" ">
    <subfield code="a">&#x41B;&#x435;&#x43D;&#x438;&#x43D;&#x433;&#x440;&#x430;&#x434;</subfield>
    <subfield code="c">&#x41E;&#x43D;&#x442;&#x438;. &#x425;&#x438;&#x43C;&#x442;&#x435;&#x43E;&#x440;&#x435;&#x442;</subfield>
    <subfield code="d">1936</subfield>
    <subfield code="g">&#x442;&#x438;&#x43F;. "&#x41A;&#x440;. &#x43F;&#x435;&#x447;&#x430;&#x442;&#x43D;&#x438;&#x43A;"</subfield>
  </datafield>
  <datafield tag="215" ind1=" " ind2=" ">
    <subfield code="a">&#x41F;&#x435;&#x440;&#x435;&#x43F;&#x43B;&#x435;&#x442;, XXIV, 344 &#x441;., 8 &#x432;&#x43A;&#x43B;. &#x43B;. &#x447;&#x435;&#x440;&#x442;.</subfield>
    <subfield code="c">&#x438;&#x43B;., &#x447;&#x435;&#x440;&#x442;.</subfield>
    <subfield code="d">23&#xD7;15 &#x441;&#x43C;</subfield>
  </datafield>
  <datafield tag="300" ind1=" " ind2=" ">
    <subfield code="a">&#x41D;&#x430; &#x43F;&#x435;&#x440;&#x435;&#x43F;&#x43B;&#x435;&#x442;&#x435; &#x437;&#x430;&#x433;&#x43B;.: "&#x41E;&#x43A;&#x435;&#x430;&#x43D;&#x438;&#x447;&#x435;&#x441;&#x43A;&#x438;&#x435; &#x441;&#x43E;&#x43B;&#x44F;&#x43D;&#x44B;&#x435; &#x43E;&#x442;&#x43B;&#x43E;&#x436;&#x435;&#x43D;&#x438;&#x44F;"</subfield>
  </datafield>
  <datafield tag="300" ind1=" " ind2=" ">
    <subfield code="a">&#x414;&#x43E;&#x431;. &#x442;&#x438;&#x442;. &#x43B;.: "Untersuchungen &#xFC;ber die Bildungsverh&#xE4;ltnisse der ozeanischen Salzablagerungen insbesondere des Stassfurter Salzlagers von J.H. van't Hoff und W. Meyerhoffer, J. d'Ans, E.F. Armstrong ... [&#x438; &#x434;&#x440;.] Herausgegeben von Prof. Dr. H. Precht und Prof. Dr. Ernst Cohen. Neustassfurt. Utrecht. Mit einer Ged&#xE4;chtnissrede auf van't Hoff von Prof. Dr. Emil Fischer exz ... Leipzig. 1912. Akad. Verlagsgesellschaft m. b. H."</subfield>
  </datafield>
  <datafield tag="512" ind1="0" ind2="0">
    <subfield code="a">&#x41E;&#x43A;&#x435;&#x430;&#x43D;&#x438;&#x447;&#x435;&#x441;&#x43A;&#x438;&#x435; &#x441;&#x43E;&#x43B;&#x44F;&#x43D;&#x44B;&#x435; &#x43E;&#x442;&#x43B;&#x43E;&#x436;&#x435;&#x43D;&#x438;&#x44F;</subfield>
  </datafield>
  <datafield tag="513" ind1="0" ind2="0">
    <subfield code="a">Untersuchungen &#xFC;ber die Bildungsverh&#xE4;ltnisse der ozeanischen Salzablagerungen insbesondere des Stassfurter Salzlagers</subfield>
    <subfield code="z">ger</subfield>
  </datafield>
  <datafield tag="701" ind1=" " ind2="1">
    <subfield code="a">&#x412;&#x430;&#x43D;&#x442;-&#x413;&#x43E;&#x444;&#x444;</subfield>
    <subfield code="b">&#x42F;.&#x413;.</subfield>
    <subfield code="g">&#x42F;&#x43A;&#x43E;&#x431; &#x413;&#x435;&#x43D;&#x440;&#x438;&#x445;</subfield>
  </datafield>
  <datafield tag="701" ind1=" " ind2="1">
    <subfield code="a">&#x41C;&#x435;&#x439;&#x435;&#x440;&#x433;&#x43E;&#x444;&#x444;&#x435;&#x440;</subfield>
    <subfield code="b">&#x412;.</subfield>
  </datafield>
  <datafield tag="701" ind1=" " ind2="1">
    <subfield code="a">&#x434;'&#x410;&#x43D;&#x441;</subfield>
    <subfield code="b">&#x42F;.</subfield>
    <subfield code="g">&#x42F;&#x43D;</subfield>
  </datafield>
  <datafield tag="701" ind1=" " ind2="1">
    <subfield code="a">&#x410;&#x440;&#x43C;&#x441;&#x442;&#x440;&#x43E;&#x43D;&#x433;</subfield>
    <subfield code="b">&#x415;.&#x424;.</subfield>
  </datafield>
  <datafield tag="702" ind1=" " ind2="1">
    <subfield code="a">&#x41F;&#x440;&#x435;&#x445;&#x442;</subfield>
    <subfield code="b">&#x413;.</subfield>
    <subfield code="4">340</subfield>
  </datafield>
  <datafield tag="702" ind1=" " ind2="1">
    <subfield code="a">&#x41A;&#x43E;&#x433;&#x435;&#x43D;</subfield>
    <subfield code="b">&#x42D;.</subfield>
    <subfield code="4">340</subfield>
  </datafield>
  <datafield tag="702" ind1=" " ind2="1">
    <subfield code="a">&#x41D;&#x438;&#x43A;&#x43E;&#x43B;&#x430;&#x435;&#x432;</subfield>
    <subfield code="b">&#x410;.&#x412;.</subfield>
    <subfield code="4">340</subfield>
  </datafield>
  <datafield tag="702" ind1=" " ind2="1">
    <subfield code="a">&#x41A;&#x443;&#x440;&#x43D;&#x430;&#x43A;&#x43E;&#x432;</subfield>
    <subfield code="b">&#x41D;.</subfield>
    <subfield code="4">080</subfield>
  </datafield>
  <datafield tag="801" ind1=" " ind2="0">
    <subfield code="a">RU</subfield>
    <subfield code="b">NLR</subfield>
    <subfield code="g">psbo</subfield>
  </datafield>
  <datafield tag="801" ind1=" " ind2="1">
    <subfield code="a">RU</subfield>
    <subfield code="b">ELAR</subfield>
    <subfield code="2">rusmarc</subfield>
  </datafield>
  <datafield tag="852" ind1=" " ind2=" ">
    <subfield code="a">NLR</subfield>
    <subfield code="j">36-4/2070</subfield>
  </datafield>
  <datafield tag="942" ind1=" " ind2=" ">
    <subfield code="c">BOOK</subfield>
  </datafield>
  <datafield tag="980" ind1=" " ind2=" ">
    <subfield code="a">NB</subfield>
  </datafield>
  <datafield tag="995" ind1=" " ind2=" ">
    <subfield code="5">2013-10-26</subfield>
    <subfield code="b">NLR02</subfield>
    <subfield code="c">NLR02</subfield>
    <subfield code="e">RFS</subfield>
    <subfield code="f">7160774-10</subfield>
    <subfield code="k">36-4/2070</subfield>
    <subfield code="o">0</subfield>
    <subfield code="r">BOOK</subfield>
    <subfield code="s">3642070_</subfield>
  </datafield>
</record>
